000 00714nam a22002297a 4500
005 20130610113837.0
010 _aENG-107274
020 _a9781259064890
_c295.00
035 _aEN-90807
037 _bDBAD/PUB
082 _a530.124
100 _aMoore, Thomas A.
245 _aSix ideas that shaped physics :
_cby Thomas A. Moore
_bunit Q:particles behave like waves /
246 _aParticles behave like waves
250 _a2nd ed
260 _aNew Delhi
_bTata McGraw Hill
_c2013
270 _aP-24 Green Park Extension
_bNew Delhi
_e110016
300 _axxi,297p.:
_c28cm(pbk)
_bill.
500 _aIncludes index
650 _aWave-particle duality.
942 _2ddc
_cEN
_h530.124
_mMOO
999 _c75884
_d75884